000 00500nam a2200205 a 4500
999 _c7547
_d7547
001 7547
003 BD-JhCC
005 20180211164400.0
008 180211s1962 uk |||| |||| 000 0 eng d
035 _a(BD-JhCC)
040 _aBD-JhCC
_dBD-JhCC
041 _aeng
082 _a944.082
_bCOB 1962
100 _aCobban, Alfred
245 _aA History of Modern France /
_cAlfred Cobban
260 _aLondon:
_bPenguin Books,
_c1962
300 _a345 p;,
_c20 cm
650 _aFrance
942 _2ddc
_cBK